Luật ngân hàng nhà nước Việt Nam

Guardat en:
Dades bibliogràfiques
Format: Llibre
Idioma:Undetermined
Publicat: Hà Nội Chính trị Quốc gia 2001
Matèries:
Etiquetes: Afegir etiqueta
Sense etiquetes, Sigues el primer a etiquetar aquest registre!
Thư viện lưu trữ: Trung tâm Học liệu Trường Đại học Cần Thơ
LEADER 00472nam a2200169Ia 4500
001 CTU_94922
008 210402s9999 xx 000 0 und d
082 |a 346.082 
082 |b L504 
245 0 |a Luật ngân hàng nhà nước Việt Nam 
260 |a Hà Nội 
260 |b Chính trị Quốc gia 
260 |c 2001 
650 |a Banks and banking 
650 |z Vietnam 
904 |i Trúc 
980 |a Trung tâm Học liệu Trường Đại học Cần Thơ